[Event "Wroclaw op"]
[Site "Wroclaw"]
[Date "2018.08.01"]
[Round "4"]
[White "Guzewicz, Rafal"]
[Black "Mirzoev, Emil"]
[Result "0-1"]
[WhiteElo "2094"]
[BlackElo "2412"]
[PlyCount "70"]
[EventDate "2018.07.30"]
[EventType "swiss"]
[EventRounds "9"]
[EventCountry "POL"]
[SourceTitle "CBM 185 Extra"]
[Source "ChessBase"]
[SourceDate "2018.07.29"]
[SourceVersion "1"]
[SourceVersionDate "2018.07.29"]
[SourceQuality "1"]

1. d4 Nf6 2. Bf4 g6 3. e3 Bg7 4. h3 0-0 5. Nf3 d6 6. Be2 Nc6 7. 0-0 Nd7 8. c4 e5 9. Bh2 f5 10. Nc3 h6 11. Rc1 g5 12. dxe5 dxe5 13. Nd5 Ne7 14. Qc2 c6 15. Nxe7+ Qxe7 16. c5 Kh8 17. b4 f4 18. Nd2 Nf6 19. Ne4 Nd5 20. Qd2 Be6 21. Nd6 Rad8 22. Bf3 Nf6 23. Qc2 Bd5 24. Nf5 Qf7 25. Nd6 Rxd6 26. cxd6 Bxf3 27. gxf3 Qe6 28. Kg2 Qxd6 29. Qc5 Qe6 30. Rcd1 e4 31. exf4 exf3+ 32. Kh1 Qxh3 33. Rg1 Ne4 34. Qc2 Rxf4 35. Rd8+ Kh7 0-1

[Event "Wroclaw op"]
[Site "Wroclaw"]
[Date "2018.07.31"]
[Round "3"]
[White "Mroziak, Maciej"]
[Black "Guzewicz, Rafal"]
[Result "0-1"]
[WhiteElo "2404"]
[BlackElo "2094"]
[PlyCount "74"]
[EventDate "2018.07.30"]
[EventType "swiss"]
[EventRounds "9"]
[EventCountry "POL"]
[SourceTitle "CBM 185 Extra"]
[Source "ChessBase"]
[SourceDate "2018.07.29"]
[SourceVersion "1"]
[SourceVersionDate "2018.07.29"]
[SourceQuality "1"]

1. d4 d5 2. Bf4 Bf5 3. e3 e6 4. Nf3 Nf6 5. c4 c6 6. Qb3 Qc8 7. h3 Be7 8. Nc3 h6 9. Rc1 0-0 10. Be2 Nbd7 11. g4 Bh7 12. Ne5 Nxe5 13. Bxe5 Qd7 14. c5 Ne4 15. Nxe4 Bxe4 16. f3 Bg6 17. h4 f6 18. Bf4 Bd8 19. Bd3 Bxd3 20. Qxd3 e5 21. dxe5 fxe5 22. Bxe5 Rxf3 23. Kd2 Rf2+ 24. Kc3 Bc7 25. Bd4 b6 26. Rcf1 Raf8 27. Rxf2 Rxf2 28. g5 bxc5 29. Bxc5 Be5+ 30. Bd4 Bxd4+ 31. exd4 Qc7 32. b4 Qf4 33. Rh3 Qc1+ 34. Kb3 Qb2+ 35. Ka4 Qxa2+ 36. Qa3 Qc4 37. Re3 Ra2 0-1

[Event "Wroclaw op-A 10th"]
[Site "Wroclaw"]
[Date "2015.07.08"]
[Round "8"]
[White "Guzewicz, Rafal"]
[Black "Sielecki, Christof"]
[Result "0-1"]
[WhiteElo "2045"]
[BlackElo "2437"]
[PlyCount "114"]
[EventDate "2015.07.03"]
[EventType "swiss"]
[EventRounds "9"]
[EventCountry "POL"]
[SourceTitle "CBM 167 Extra"]
[Source "ChessBase"]
[SourceDate "2015.09.14"]
[SourceVersion "1"]
[SourceVersionDate "2015.09.14"]
[SourceQuality "1"]

1. d4 Nf6 2. Bf4 c5 3. e3 Qb6 4. Nc3 d6 5. Bb5+ Nbd7 6. a4 a6 7. a5 Qc7 8. Be2 e6 9. Nf3 Be7 10. h3 0-0 11. 0-0 cxd4 12. exd4 Re8 13. Bh2 Nf8 14. Nd2 Bd7 15. Bf3 Ng6 16. Bg3 Bc6 17. Bxc6 Qxc6 18. f4 d5 19. Nb3 Bb4 20. Na2 Bd6 21. Nc3 Rac8 22. Qe2 Qc7 23. f5 exf5 24. Bxd6 Qxd6 25. Qf3 Ne7 26. Nc5 Ne4 27. N3xe4 dxe4 28. Qf2 Qd5 29. b3 Nc6 30. c3 g6 31. Qe3 Re7 32. Ra2 Nd8 33. Qg5 Rec7 34. Raf2 Ne6 35. Qf6 Nxc5 36. Rxf5 gxf5 37. Rxf5 Qxf5 38. Qxf5 Ne6 39. Qxe4 Rxc3 40. Qxb7 Nxd4 41. Qxa6 Nxb3 42. Qf6 R3c6 43. Qg5+ Rg6 44. Qb5 Nc5 45. Qb4 Na6 46. Qd2 Rf8 47. h4 h6 48. h5 Re6 49. Qd4 Rc8 50. Kh2 Rc5 51. Qd8+ Kg7 52. Qd4+ Ree5 53. Kg3 Rxa5 54. Kf4 Nc7 55. Kg3 Ne8 56. Kf3 Nf6 57. g4 Rg5 0-1

[Event "Krakow op-A 24th"]
[Site "Krakow"]
[Date "2014.01.02"]
[Round "7"]
[White "Stachanczyk, Jacek"]
[Black "Guzewicz, Rafal"]
[Result "0-1"]
[WhiteElo "2261"]
[BlackElo "2070"]
[PlyCount "134"]
[EventDate "2013.12.27"]
[EventType "swiss"]
[EventRounds "9"]
[EventCountry "POL"]
[SourceTitle "CBM 158 Extra"]
[Source "ChessBase"]
[SourceDate "2014.02.28"]
[SourceVersion "1"]
[SourceVersionDate "2014.02.28"]
[SourceQuality "1"]

1. e4 c6 2. d4 d5 3. Nc3 dxe4 4. Nxe4 Bf5 5. Ng3 Bg6 6. h4 h6 7. Nf3 Nd7 8. h5 Bh7 9. Bd3 Bxd3 10. Qxd3 e6 11. Bf4 Qa5+ 12. Bd2 Bb4 13. c3 Be7 14. c4 Qc7 15. d5 cxd5 16. cxd5 Qd6 17. Qb3 Ngf6 18. dxe6 Qxe6+ 19. Qxe6 fxe6 20. 0-0 Bc5 21. Rfe1 Kf7 22. Bc3 Rac8 23. Re2 Rhe8 24. Rd1 Nd5 25. Ne5+ Nxe5 26. Bxe5 Rc6 27. Ne4 Be7 28. Rd3 Rec8 29. Rf3+ Nf6 30. Rd2 Rc4 31. Nxf6 gxf6 32. Bf4 R8c5 33. Rd7 Rxh5 34. g3 e5 35. Bd2 Rd4 36. Rd3 Rxd3 37. Rxd3 Ke6 38. Rb3 b6 39. f3 f5 40. Kg2 Bc5 41. Rc3 Bb4 42. Rc6+ Kd5 43. Rc2 Bxd2 44. Rxd2+ Ke6 45. Rc2 Kd6 46. Rd2+ Kc6 47. Rc2+ Kb7 48. Re2 f4 49. gxf4 exf4 50. Re7+ Ka6 51. a4 b5 52. Re4 Rf5 53. b3 Ka5 54. Kh3 h5 55. Kh4 b4 56. Rc4 Re5 57. Rxf4 Re3 58. Rf5+ Ka6 59. Rf6+ Kb7 60. Rf7+ Kb6 61. Rf6+ Kc5 62. f4 Rxb3 63. Ra6 Rf3 64. f5 b3 65. Rxa7 b2 66. Rb7 Rf4+ 67. Kxh5 Rb4 0-1

[Event "Krakow op-A 24th"]
[Site "Krakow"]
[Date "2013.12.27"]
[Round "1"]
[White "Guzewicz, Rafal"]
[Black "Kulon, Klaudia"]
[Result "0-1"]
[WhiteElo "2070"]
[BlackElo "2309"]
[PlyCount "83"]
[EventDate "2013.12.27"]
[EventType "swiss"]
[EventRounds "9"]
[EventCountry "POL"]
[SourceTitle "CBM 158 Extra"]
[Source "ChessBase"]
[SourceDate "2014.02.28"]
[SourceVersion "1"]
[SourceVersionDate "2014.02.28"]
[SourceQuality "1"]

1. d4 d5 2. Bf4 Nf6 3. e3 c5 4. c3 Nc6 5. Nd2 Bf5 6. Qb3 Qd7 7. Ngf3 c4 8. Qd1 Rc8 9. Be2 h6 10. Ne5 Nxe5 11. Bxe5 e6 12. g4 Bg6 13. h4 Qc6 14. Bg3 b5 15. a3 a5 16. f4 Bd6 17. 0-0 h5 18. g5 Ng8 19. Nf3 f6 20. Kh2 Ne7 21. Rg1 Kf7 22. Qd2 Nf5 23. Bf2 Ra8 24. Rgc1 Rhb8 25. Qd1 Qc7 26. Kh1 b4 27. axb4 axb4 28. Rxa8 Rxa8 29. b3 bxc3 30. bxc4 Ba3 31. Ra1 c2 32. Qf1 c1Q 33. Rxc1 Bxc1 34. Qxc1 Ra2 35. Qf1 dxc4 36. Bxc4 Rxf2 37. Bxe6+ Kxe6 38. Qxf2 Qc1+ 39. Kh2 Nxe3 40. Qa2+ Qc4 41. d5+ Kf5 42. Qb1+ 0-1

[Event "Polanica Zdroj op-B 49th"]
[Site "Polanica Zdroj"]
[Date "2013.08.??"]
[Round "8"]
[White "Tomczak, Mikolaj"]
[Black "Guzewicz, Rafal"]
[Result "1/2-1/2"]
[WhiteElo "2043"]
[BlackElo "1986"]
[PlyCount "152"]
[EventDate "2013.08.17"]
[EventType "swiss"]
[EventRounds "9"]
[EventCountry "POL"]
[SourceTitle "CBM 156 Extra"]
[Source "ChessBase"]
[SourceDate "2013.10.22"]
[SourceVersion "1"]
[SourceVersionDate "2013.10.22"]
[SourceQuality "1"]

1. d4 d5 2. c4 c6 3. Nf3 Nf6 4. Nc3 dxc4 5. a4 Na6 6. e4 Bg4 7. Bxc4 Bxf3 8. gxf3 Nb4 9. 0-0 e6 10. Be3 Qa5 11. Kh1 Be7 12. Rg1 g6 13. Qb3 0-0-0 14. Be2 Ne8 15. Rad1 Nc7 16. Nb1 Qh5 17. Na3 f5 18. Nc2 Nxc2 19. Qxc2 Rhf8 20. Qc4 Qh4 21. b4 fxe4 22. Rg4 Qf6 23. fxe4 e5 24. d5 h5 25. Rgg1 cxd5 26. exd5 Kb8 27. Qe4 Qf5 28. f3 Ne8 29. Rxg6 Nd6 30. Qxf5 Nxf5 31. Bf2 Bxb4 32. Bg3 Bd6 33. Re6 Rfe8 34. Bb5 Rxe6 35. dxe6 Nxg3+ 36. hxg3 Kc7 37. Kg2 Be7 38. Bd7 a6 39. Re1 Kd6 40. Rc1 Bg5 41. Rd1+ Ke7 42. Rd5 Bf6 43. Kh3 Rb8 44. Kg2 b5 45. axb5 axb5 46. Bxb5 Kxe6 47. Bc4 Ke7 48. Ra5 Rd8 49. Bd5 Kf8 50. Be4 Rd7 51. Ra8+ Kg7 52. Kh3 Bg5 53. Ra5 Bf6 54. Ra6 Rc7 55. Bc6 Re7 56. Ra8 Kg6 57. Rf8 Kg7 58. Rc8 Kg6 59. Bd5 Rg7 60. Be4+ Kf7 61. Rc6 Ke7 62. Bd5 Rg6 63. Bc4 Rh6 64. Bd3 Kd7 65. Ra6 Ke7 66. Ra7+ Ke6 67. Bb5 Kd6 68. Bc4 Kc5 69. Bb3 Kd4 70. Ra6 e4 71. fxe4 Kxe4 72. Bd1 h4 73. Ra4+ Ke3 74. gxh4 Rxh4+ 75. Rxh4 Bxh4 76. Kxh4 Ke4 1/2-1/2

[Event "EU-ch 14th"]
[Site "Legnica"]
[Date "2013.05.13"]
[Round "8"]
[White "Guzewicz, Rafal"]
[Black "Zemlicka, Vit"]
[Result "1-0"]
[WhiteElo "1942"]
[BlackElo "2049"]
[PlyCount "81"]
[EventDate "2013.05.05"]
[EventType "swiss"]
[EventRounds "11"]
[EventCountry "POL"]
[SourceTitle "CBM 155"]
[Source "ChessBase"]
[SourceDate "2013.07.16"]
[SourceVersion "1"]
[SourceVersionDate "2013.07.16"]
[SourceQuality "1"]

1. d4 Nf6 2. Bf4 g6 3. e3 Bg7 4. Nf3 d6 5. h3 0-0 6. Be2 Nfd7 7. c4 e5 8. Bh2 Nc6 9. Nc3 exd4 10. exd4 Re8 11. 0-0 Nf6 12. Bd3 Nh5 13. Be4 Bd7 14. Qd2 Nf6 15. Bc2 Nb4 16. Bb3 Bc6 17. Bd1 a5 18. a3 Na6 19. Rc1 Re7 20. d5 Bd7 21. Bc2 Nc5 22. Rfe1 a4 23. Nd4 Kf8 24. Rxe7 Qxe7 25. Re1 Qd8 26. Ndb5 Bxb5 27. Nxb5 Nfd7 28. Bb1 Ne5 29. Qe2 Rc8 30. g4 Qh4 31. Kg2 Bf6 32. Bg3 Qh6 33. f4 Ned7 34. g5 Bxg5 35. fxg5 Qxg5 36. Qe3 Qf6 37. Re2 Nb6 38. Bf4 Ncd7 39. Bd3 h5 40. Rf2 Kg8 41. Bxd6 1-0

[Event "EU-ch 14th"]
[Site "Legnica"]
[Date "2013.05.09"]
[Round "5"]
[White "Guzewicz, Rafal"]
[Black "Gaehwiler, Gabriel"]
[Result "0-1"]
[WhiteElo "1942"]
[BlackElo "2288"]
[PlyCount "128"]
[EventDate "2013.05.05"]
[EventType "swiss"]
[EventRounds "11"]
[EventCountry "POL"]
[SourceTitle "CBM 155"]
[Source "ChessBase"]
[SourceDate "2013.07.16"]
[SourceVersion "1"]
[SourceVersionDate "2013.07.16"]
[SourceQuality "1"]

1. d4 Nf6 2. Bf4 g6 3. e3 Bg7 4. Nf3 d6 5. h3 0-0 6. Be2 b6 7. 0-0 Bb7 8. Nbd2 Nbd7 9. c3 Qe8 10. Bh2 e5 11. Nc4 Ne4 12. Nfd2 Ng5 13. h4 Ne6 14. dxe5 d5 15. Na3 Nxe5 16. Nf3 Ng4 17. Bg3 Qe7 18. Nb5 a6 19. Nbd4 Nc5 20. Nd2 Nf6 21. h5 Nfe4 22. Nxe4 Nxe4 23. Bh2 c5 24. Nb3 Rad8 25. Qc2 Rc8 26. Rad1 Qh4 27. Nd2 Nxd2 28. Bg3 Qe4 29. Qxd2 Qa4 30. b3 Qa5 31. hxg6 hxg6 32. c4 Qxd2 33. Rxd2 d4 34. exd4 Bxd4 35. b4 Be4 36. Bd3 Bc3 37. Rdd1 Bxd3 38. Rxd3 cxb4 39. Rd6 b5 40. cxb5 axb5 41. Rb6 Ra8 42. Rxb5 Rxa2 43. Rd1 Re8 44. Rd7 Rd2 45. Rxd2 Bxd2 46. f3 Re6 47. Bc7 Kh7 48. Ba5 Re1+ 49. Kf2 Ra1 50. Ke2 Bc3 51. Kd3 Rd1+ 52. Kc4 Rd4+ 53. Kc5 Rd2 54. Bxb4 Bxb4+ 55. Rxb4 Rxg2 56. Kd5 Re2 57. Kd4 Kh6 58. Kd3 Re7 59. f4 Kh5 60. Rc4 Kg4 61. Rb4 Kf3 62. Ra4 Rd7+ 63. Kc2 Re7 64. Kd2 Re4 0-1

[Event "EU-ch 14th"]
[Site "Legnica"]
[Date "2013.05.07"]
[Round "3"]
[White "Svana, Peter"]
[Black "Guzewicz, Rafal"]
[Result "0-1"]
[WhiteElo "2255"]
[BlackElo "1942"]
[PlyCount "114"]
[EventDate "2013.05.05"]
[EventType "swiss"]
[EventRounds "11"]
[EventCountry "POL"]
[SourceTitle "CBM 155"]
[Source "ChessBase"]
[SourceDate "2013.07.16"]
[SourceVersion "1"]
[SourceVersionDate "2013.07.16"]
[SourceQuality "1"]

1. d4 d5 2. c4 c6 3. Nc3 dxc4 4. a4 Nf6 5. Nf3 Na6 6. e3 Be6 7. Ne5 Nb4 8. Nxc4 Bf5 9. Na3 e5 10. Be2 exd4 11. exd4 Be7 12. 0-0 0-0 13. Bf4 Re8 14. Bg3 h6 15. Rc1 Bd6 16. Qb3 Bxg3 17. hxg3 a5 18. Bc4 Bg6 19. Rfd1 Ng4 20. Ne2 Nd5 21. Qf3 Qg5 22. Bxd5 Qh5 23. Qxg4 Qxg4 24. Bf3 Qd7 25. Nc4 Qe7 26. Ne5 Bf5 27. Nf4 Rad8 28. g4 Be6 29. Nxe6 Qxe6 30. Be2 Rxd4 31. Rxd4 Qxe5 32. Rd2 Qf4 33. Rcd1 Qxa4 34. Bf3 Qb4 35. g3 g6 36. Kg2 Kg7 37. Rd7 Qxb2 38. Rc7 Qb3 39. Rdd7 Rb8 40. Bd1 Qc4 41. Be2 Qe4+ 42. Bf3 Qe6 43. Re7 Qf6 44. Bd1 Kf8 45. Red7 Rd8 46. Rxb7 Rxd7 47. Rxd7 c5 48. Ra7 Qb6 49. Ra8+ Ke7 50. Bf3 c4 51. Rc8 Qd4 52. Rc7+ Kf6 53. Be2 c3 54. Bc4 Ke5 55. Bxf7 Kd6 56. Rc8 Kd7 57. Rc4 Qxc4 0-1

[Event "Wroclaw-ch"]
[Site "Wroclaw"]
[Date "2004.??.??"]
[Round "6"]
[White "Bebel, Arkadiusz"]
[Black "Guzewicz, Rafal"]
[Result "1/2-1/2"]
[WhiteElo "2000"]
[BlackElo "1800"]
[PlyCount "97"]
[EventDate "2004.??.??"]
[EventType "swiss"]
[EventRounds "9"]
[EventCountry "POL"]
[SourceTitle "EXT 2007"]
[Source "ChessBase"]
[SourceDate "2006.11.23"]
[SourceVersion "1"]
[SourceVersionDate "2006.11.23"]
[SourceQuality "1"]

1. e4 c6 2. d4 d5 3. Nc3 dxe4 4. Nxe4 Bf5 5. Ng3 Bg6 6. Nh3 Nd7 7. Nf4 e6 8. Bc4 Bd6 9. c3 Qc7 10. Qf3 Ngf6 11. 0-0 Nd5 12. Bxd5 cxd5 13. Re1 0-0 14. h4 Nf6 15. Nxg6 hxg6 16. Bg5 Bxg3 17. Bxf6 Bh2+ 18. Kh1 gxf6 19. g3 Bxg3 20. fxg3 Kg7 21. Kg2 Rh8 22. Rf1 f5 23. Rae1 Rh5 24. b3 Rah8 25. Rh1 Rc8 26. Rc1 Qa5 27. Rc2 Rch8 28. Qe3 Qc7 29. Rcc1 Qd6 30. Rcf1 Re8 31. Re1 b6 32. Rhg1 f6 33. c4 dxc4 34. bxc4 Qc6+ 35. d5 Qxc4 36. dxe6 Qxa2+ 37. Re2 Qd5+ 38. Kf2 Qc5 39. Qxc5 bxc5 40. Ra1 Ra8 41. Ra5 f4 42. e7 fxg3+ 43. Kxg3 Rhh8 44. Rxc5 Rhe8 45. Rc6 a5 46. Ree6 a4 47. Rxf6 Rxe7 48. Rxg6+ Kh8 49. Rh6+ 1/2-1/2

[Event "Wroclaw-ch"]
[Site "Wroclaw"]
[Date "2004.??.??"]
[Round "3"]
[White "Bukowska, Katarzyna"]
[Black "Guzewicz, Rafal"]
[Result "0-1"]
[WhiteElo "1965"]
[BlackElo "1800"]
[PlyCount "78"]
[EventDate "2004.??.??"]
[EventType "swiss"]
[EventRounds "9"]
[EventCountry "POL"]
[SourceTitle "EXT 2007"]
[Source "ChessBase"]
[SourceDate "2006.11.23"]
[SourceVersion "1"]
[SourceVersionDate "2006.11.23"]
[SourceQuality "1"]

1. e4 c6 2. d4 d5 3. Nd2 dxe4 4. Nxe4 Bf5 5. Ng3 Bg6 6. h4 h6 7. Nf3 e6 8. h5 Bh7 9. Bd3 Bxd3 10. Qxd3 Nf6 11. Bf4 Nd5 12. Bd2 Qb6 13. 0-0-0 Nd7 14. Ne4 Be7 15. g3 Rc8 16. Ne5 Nxe5 17. dxe5 Rd8 18. Qe2 c5 19. Qg4 Kf8 20. c4 f5 21. Qf3 Kg8 22. cxd5 fxe4 23. Qxe4 exd5 24. Qa4 c4 25. Ba5 Qa6 26. Bxd8 Qxa4 27. Bxe7 Kf7 28. Bd6 Qxa2 29. f4 Rc8 30. Bb4 d4 31. Rxd4 Qa1+ 32. Kc2 Qxh1 33. Rd7+ Kg8 34. Bc3 Qxh5 35. e6 Qf5+ 36. Kc1 Qxe6 37. Rxg7+ Kf8 38. Rxb7 Rd8 39. Be5 Qd5 0-1

[Event "Wroclaw-ch"]
[Site "Wroclaw"]
[Date "2004.??.??"]
[Round "7"]
[White "Guzewicz, Rafal"]
[Black "Daleczko, Wladyslaw"]
[Result "1-0"]
[WhiteElo "1800"]
[BlackElo "2000"]
[PlyCount "59"]
[EventDate "2004.??.??"]
[EventType "swiss"]
[EventRounds "9"]
[EventCountry "POL"]
[SourceTitle "EXT 2007"]
[Source "ChessBase"]
[SourceDate "2006.11.23"]
[SourceVersion "1"]
[SourceVersionDate "2006.11.23"]
[SourceQuality "1"]

1. c4 e5 2. b3 f5 3. Bb2 d6 4. g3 Nf6 5. Bg2 Nc6 6. Nf3 Be7 7. 0-0 h6 8. a3 Be6 9. e3 e4 10. Nh4 g5 11. Ng6 Rg8 12. Nxe7 Qxe7 13. d4 Bf7 14. Nc3 Bh5 15. Qc2 0-0-0 16. Rac1 Qd7 17. b4 Bf3 18. b5 Na5 19. c5 d5 20. c6 bxc6 21. bxc6 Qxc6 22. Bxf3 exf3 23. Qxf5+ Qd7 24. Qxf3 Rdf8 25. Qg2 Nc4 26. Nxd5 Nxd5 27. Rxc4 h5 28. Rc5 c6 29. Rfc1 Rxf2 30. Qxf2 1-0